MARC

LEADER 00000nam0a2200000 4500
001 366897
005 20231102011928.0
035 |a (RuTPU)RU\TPU\retro\24260 
090 |a 366897 
100 |a 20220222d1979 m y0rusy50 ca 
101 0 |a rus 
102 |a UA 
105 |a a j 001zy 
200 1 |a Обработка деталей машин потоками частиц высоких энергий  |e учебное пособие  |h Ч. 1  |i Взаимодействие потоков с деталью  |f Н. В. Белан, Н. А. Маштылев  |g Харьковский авиационный институт 
210 |a Харьков  |c Изд-во Харьковского авиационного ин-та  |d 1979 
215 |a 87 с.  |c ил. 
320 |a Библиогр.: с. 83 
606 1 |a Металлообработка высокими энергиями  |2 stltpush  |3 (RuTPU)RU\TPU\subj\42496  |9 62162 
610 1 |a покрытия 
610 1 |a нанесение 
610 1 |a применение 
610 1 |a детали 
610 1 |a тепловой режим 
610 1 |a термическая обработка 
610 1 |a легирование 
610 1 |a полимерные пленки 
610 1 |a получение 
610 1 |a плазменные фазы 
610 1 |a твердые покрытия 
610 1 |a сверхтвердые покрытия 
610 1 |a учебные пособия 
675 |a 621.7.044(075.8)  |v 4 
700 1 |a Белан  |b Н. В.  |g Николай Васильевич 
701 1 |a Маштылев  |b Н. А.  |g Николай Алексеевич 
712 0 2 |a Харьковский авиационный институт  |2 stltpush  |3 (RuTPU)RU\TPU\col\7321  |9 24307 
801 1 |a RU  |b 63413507  |c 20220222 
942 |c BK